| 000 | 002990000a22001090004500 | ||
|---|---|---|---|
| 090 |
_aAS _bSeriadas |
||
| 245 | 1 | 0 | _aEstudios sobre plantas andinas, VII |
| 041 | 0 | _aEspañol | |
| 100 | 1 |
_aCuatrecasas, José _911935 |
|
| 942 | _cARTICULO | ||
| 773 | 1 |
_tMutisia: Acta Botánica Colombiana _3893 _h16 _q1-8 _d1953 |
|
| 999 |
_c15238 _d15238 |
||